Państwa z nazwą w liczbie mnogiej - Statystyki

Ogólne statystyki
  • Ten quiz został rozwiązany 128 razy
  • Średni wynik to 12 z 16
Statystyki odpowiedzi
Państwo % Poprawnych
Stany Zjednoczone
83%
Chiny
82%
Niemcy
82%
Włochy
81%
Węgry
75%
Czechy
74%
Zjednoczone Emiraty Arabskie
74%
Wyspy Salomona
71%
Wyspy Marshalla
70%
Bahamy
68%
Malediwy
68%
Seszele
67%
Komory
65%
Wyspy Świętego Tomasza i Książęca
65%
Filipiny
64%
Indie
63%
Nie znaleziono quizów pasujących do podanych kryteriów
Rozkład punktacji
Procent ludzi z każdym wynikiem
Percentyl według liczby udzielonych odpowiedzi
Twoja historia wyników
Nie rozwiązałeś tego quizu